Vita et doctrina Jesu Christi, ex quatuor Evangelistis collecta, et in meditationum materiam ad singulos totius anni dies distributa

Detalles Bibliográficos
Autor principal: Avancini, Nicolás S. J. 1611-1686
Formato: Libro
Lenguaje:Latin
Publicado: Lyon , Paris 1856
Edición:Edita nova, aucta et emendata
Materias:
Colección:Banco de datos
Acervo:Biblioteca de la Congregación del Oratorio de San Felipe Neri de México. Iglesia La Profesa
Descripción Física:XXIV, 611 p. 14 cm.
Tema general:Biografías
Notas:Encuadernación en keratol
LEADER 00791nam a22001930004500
035 |a 274 
041 0 |a lat 
100 1 |a Avancini, Nicolás  |c S. J.  |d 1611-1686 
245 1 0 |a Vita et doctrina Jesu Christi, ex quatuor Evangelistis collecta, et in meditationum materiam ad singulos totius anni dies distributa   |c per Nicolaum Avancinum, Societatis Jesu 
250 |a Edita nova, aucta et emendata 
260 |a Lyon , Paris  |b librairie Cathol. de Perisse frères  |c 1856 
300 |a XXIV, 611 p.  |c 14 cm. 
500 |a Encuadernación en keratol 
504 |a Índice de contenido 
650 1 0 |a Biografías 
949 |a Iglesia La Profesa, Biblioteca 373 
942 |c PROFESA 
943 |g Biblioteca de la Congregación del Oratorio de San Felipe Neri de México. Iglesia La Profesa 
999 |c 947085  |d 947085